01025nam a2200217Ia 4500003000900000008004100009040001600050080002200066111008700088245024500175260004800420300002300468650004100491650003200532650001900564700003000583710006200613942000700675999001500682952011000697IN-BaIIA211028s9999 xx 000 0 eng d cIIA Library a524.7(082.1)bEXT aWinter School on Extragalactic Energetic Sourcescindiad1983 Jan. 10-21914440 0aExtragalactic energetic sourcesbproceedings of the winter school on extragalactic energetic sources, organized by Tata institute of Fundamental Research, January 10-21, 1983cedited by V. K. Kapahi  aBangalorebIndian Academy of Sciencesc1985 a[various pagings.] aAstronomy and Astrophysics thesaurus aExtragalactic objects93898 aGalaxies91286 aKapahi, V. K., ed.914441 aTata Institute of Fundamental Research , Bangalore914442 cBK c8607d8607 00104070aBANbBANcGENd1986-02-13l1o524.7(082.1)/ EXTp9479r2024-05-11s2024-04-19w1986-02-13yBK